Waste data digest (Record no. 118872)

MARC details
000 -LEADER
fixed length control field 00770cas a22002175a 4500
001 - CONTROL NUMBER
control field L136211
008 - FIXED-LENGTH DATA ELEMENTS--GENERAL INFORMATION
fixed length control field 070117c2001 xxkar p 000 0 eng u
035 ## - SYSTEM CONTROL NUMBER
System control number (Sirsi) u136211
041 0# - LANGUAGE CODE
Language code of text/sound track or separate title eng
110 2# - MAIN ENTRY--CORPORATE NAME
Corporate name or jurisdiction name as entry element Scottish Environment Protection Agency
9 (RLIN) 3523
245 00 - TITLE STATEMENT
Title Waste data digest
Medium [electronic resource]
260 ## - PUBLICATION, DISTRIBUTION, ETC.
Place of publication, distribution, etc. Stirling
Name of publisher, distributor, etc. SEPA
Date of publication, distribution, etc. 2001-
362 0# - DATES OF PUBLICATION AND/OR SEQUENTIAL DESIGNATION
Dates of publication and/or sequential designation [1] 2001-
520 ## - SUMMARY, ETC.
Summary, etc. Details data collected by, or on behalf of, SEPA on controlled waste in Scotland.
554 ## -
-- One per year
650 24 - SUBJECT ADDED ENTRY--TOPICAL TERM
Topical term or geographic name entry element SEPA WASTE DATA DIGEST
651 #4 - SUBJECT ADDED ENTRY--GEOGRAPHIC NAME
Geographic name Scotland
Chronological subdivision 1999-
690 ## - LOCAL SUBJECT ADDED ENTRY--TOPICAL TERM (OCLC, RLIN)
Topical term or geographic name as entry element ENVIRONMENTAL AND LAND CONSULTANCY-WASTE MANAGEMENT
856 40 - ELECTRONIC LOCATION AND ACCESS
Uniform Resource Identifier <a href="https://www.sepa.org.uk/publications/wds/index.htm">https://www.sepa.org.uk/publications/wds/index.htm</a>
Public note View the digests free of charge at www.sepa.org.uk...
942 ## - ADDED ENTRY ELEMENTS (KOHA)
Suppress in OPAC 0
Holdings
Withdrawn status Lost status Source of classification or shelving scheme Damaged status Not for loan Home library Current library Shelving location Date acquired Total Checkouts Full call number Barcode Date last seen Price effective from Koha item type
    Dewey Decimal Classification     Virtual Virtual Online 17/01/2007   ONLINE PUBLICATION 136211-1001 06/08/2019 06/08/2019 Journal